000 00302nam a22001217a 4500
999 _c9207
_d9207
003 OSt
005 20210114143346.0
008 210109b ||||| |||| 00| 0 eng d
040 _cDDC
100 _aBarnes, Albert
245 _aNotes on the New Testament: Explanatory and Practical
_bACTS
942 _2ddc
_cBK